000 00377nam a2200133Ia 4500
008 240624s9999 xx 000 0 und d
041 _aeng
082 _a658.4036072 PAT
100 _aPATTERSON EMILY S
245 _aMACROCOGNITION METRICS AND SCENARIOS DES
260 _c2010
_aEngland
_bAshgate Publishing Limited
300 _axxxi, : 307 : p. : cm. ; 24
365 _cGBP
_b50
999 _c27267
_d27267